Search the Library Catalogue
| 000 -LEADER | |
|---|---|
| fixed length control field | 00847nam a2200169Ia 4500 |
| 008 - FIXED-LENGTH DATA ELEMENTS--GENERAL INFORMATION | |
| fixed length control field | 250728s9999 xx 000 0 und d |
| 020 ## - INTERNATIONAL STANDARD BOOK NUMBER | |
| ISBN | 9780521003438 |
| 082 ## - DEWEY DECIMAL CLASSIFICATION NUMBER | |
| Classification number | 951.249 |
| Item number | EDM |
| 100 ## - MAIN ENTRY--AUTHOR NAME | |
| Personal name | Edmonds, Richard Louis |
| 245 #0 - TITLE STATEMENT | |
| Title | Taiwan in the Twentieth Century |
| 260 ## - PUBLICATION, DISTRIBUTION, ETC. (IMPRINT) | |
| Name of publisher | Cambridge University Press |
| Year of publication | 2001 |
| 300 ## - PHYSICAL DESCRIPTION | |
| Number of Pages | 216 pages |
| 500 ## - GENERAL NOTE | |
| General note | This book brings together a group of experts on Taiwan who attempt to analyse change on this dynamic island during the whole of the twentieth century. Thus in contrast to many works on Taiwan, this book shows just how important the Japanese colonial antecedents were to the formation of today's Taiwan and help us to understand the complexity of the problems this island will face in the twenty-first century. |
| 650 ## - SUBJECT ADDED ENTRY--TOPICAL TERM | |
| Topical Term | Business & Economics |
| 942 ## - ADDED ENTRY ELEMENTS (KOHA) | |
| Koha item type | English Books |
| Withdrawn status | Lost status | Damaged status | Not for loan | Home library | Current library | Shelving location | Date acquired | Full call number | Accession Number | Price effective from | Koha item type |
|---|---|---|---|---|---|---|---|---|---|---|---|
| Anna Centenary Library | Anna Centenary Library | 7TH FLOOR, B WING | 28.07.2025 | 951.249 EDM | 100763 | 28.07.2025 | English Books |